[Event "VII Open"]
[Site "Portomannu ITA"]
[Date "2015.06.06"]
[Round "4"]
[White "Vallifuoco, Giovanni"]
[Black "Petursson, Margeir"]
[Result "0-1"]
[WhiteElo "2153"]
[BlackElo "2529"]
[PlyCount "62"]
[EventDate "2015.06.06"]

1. d4 Nf6 2. Nf3 e6 3. e3 c5 4. Bd3 Nc6 5. b3 Qc7 6. a3 b6 7. Bb2 Bb7 8. Nbd2
Be7 9. O-O O-O 10. Qe2 Rad8 11. Rac1 d5 12. Ne5 Nxe5 13. dxe5 Ne4 14. Nxe4 dxe4
15. Bb5 Rd5 16. Bc4 Rd7 17. Rfd1 Rfd8 18. Kf1 g6 19. Ke1 Bf8 20. Rxd7 Rxd7 21.
Bb5 Rd5 22. Bc4 Rd8 23. Rd1 Rxd1+ 24. Qxd1 Bg7 25. Qa1 b5 26. Be2 Bc6 27. b4
Bd5 28. Bxb5 cxb4 29. c4 Bxc4 30. Qc1 bxa3 31. Qxc4 axb2 0-1

[Event "VII Open"]
[Site "Portomannu ITA"]
[Date "2015.06.06"]
[Round "5"]
[White "Codenotti, Marco"]
[Black "Brunello, Sabino"]
[Result "1/2-1/2"]
[WhiteElo "2397"]
[BlackElo "2526"]
[PlyCount "70"]
[EventDate "2015.06.06"]

1. e4 e5 2. Nf3 Nc6 3. Bc4 Bc5 4. c3 Nf6 5. d4 exd4 6. cxd4 Bb4+ 7. Bd2 Bxd2+
8. Nbxd2 d5 9. exd5 Nxd5 10. Qb3 Nce7 11. O-O O-O 12. Rfe1 c6 13. Ne4 Qb6 14.
Qa3 h6 15. Nc5 a5 16. Ne5 Qc7 17. Rac1 Nb6 18. Qg3 Nf5 19. Qc3 Nxc4 20. Qxc4
Qd8 21. Red1 Ne7 22. Qb3 Qd5 23. Nc4 Qd8 24. Nxb7 a4 25. Qb4 Rb8 26. Nxd8 Rxb4
27. a3 Rb5 28. Re1 Rxd8 29. Rxe7 Be6 30. Ra7 Rxd4 31. Rxa4 Rxc4 32. Raxc4 Bxc4
33. Rxc4 Rxb2 34. g3 Ra2 35. Rxc6 Rxa3 1/2-1/2

[Event "VII Open"]
[Site "Portomannu ITA"]
[Date "2015.06.06"]
[Round "5"]
[White "Haast, Anne"]
[Black "Bjornsson, Gunnar"]
[Result "1-0"]
[WhiteElo "2373"]
[BlackElo "2085"]
[PlyCount "95"]
[EventDate "2015.06.06"]

1. e4 c5 2. Nf3 d6 3. d4 cxd4 4. Nxd4 Nf6 5. Nc3 g6 6. Be3 Bg7 7. f3 O-O 8. Qd2
Nc6 9. O-O-O d5 10. exd5 Nxd5 11. Nxc6 bxc6 12. Bd4 e5 13. Bc5 Be6 14. Ne4 Re8
15. h4 h6 16. g4 Qc7 17. g5 h5 18. Bc4 Red8 19. Qf2 Nf4 20. Bxe6 Nxe6 21. Bd6
Qa5 22. a3 Nd4 23. Be7 Rdb8 24. c3 Nf5 25. Bb4 Qb5 26. Rd2 Rd8 27. Rhd1 Rd5 28.
Nd6 Nxd6 29. Bxd6 Rc8 30. Qe3 Rxd2 31. Rxd2 Rd8 32. Qe4 Bf8 33. c4 Qa4 34. Bxe5
Re8 35. f4 Bc5 36. Kb1 Qb3 37. Qxc6 Rxe5 38. fxe5 Qxc4 39. e6 Qf1+ 40. Ka2 Bf8
41. Rd7 Qe2 42. Rxf7 a5 43. Rxf8+ Kxf8 44. Qc8+ Kg7 45. Qd7+ Kh8 46. Qe8+ Kg7
47. Qf7+ Kh8 48. e7 1-0

[Event "VII Open"]
[Site "Portomannu ITA"]
[Date "2015.06.06"]
[Round "5"]
[White "Hill, Alistair"]
[Black "De Jong, Jan-Willem"]
[Result "1/2-1/2"]
[WhiteElo "2121"]
[BlackElo "2449"]
[PlyCount "72"]
[EventDate "2015.06.06"]

1. d4 Nf6 2. c4 g6 3. Nc3 d5 4. cxd5 Nxd5 5. e4 Nxc3 6. bxc3 Bg7 7. Nf3 c5 8.
Rb1 O-O 9. Be2 b6 10. O-O Bb7 11. Qd3 e6 12. Bg5 Qc7 13. Qe3 Nd7 14. Bf4 Qc8
15. Rfd1 Re8 16. Bb5 Bc6 17. Qd3 a6 18. Bxc6 Qxc6 19. Nd2 b5 20. g3 c4 21. Qc2
e5 22. d5 Qd6 23. Be3 Qa3 24. Nf3 Bf8 25. h4 Bc5 26. Bc1 Qa5 27. h5 Qb6 28. Kg2
Nf6 29. hxg6 fxg6 30. Ng5 Ng4 31. f3 Ne3+ 32. Bxe3 Bxe3 33. Ne6 Ra7 34. Qe2 Rf7
35. a4 Bc5 36. Rd2 Bd6 1/2-1/2

[Event "VII Open"]
[Site "Portomannu ITA"]
[Date "2015.06.06"]
[Round "5"]
[White "Hoenick, Andreas"]
[Black "Friedrich, Norbert"]
[Result "1/2-1/2"]
[WhiteElo "2102"]
[BlackElo "2307"]
[PlyCount "53"]
[EventDate "2015.06.06"]

1. d4 d5 2. c4 c6 3. Nf3 Nf6 4. Nc3 e6 5. e3 Nbd7 6. Bd3 Be7 7. O-O O-O 8. e4
dxe4 9. Nxe4 c5 10. dxc5 Nxc5 11. Nxc5 Bxc5 12. Qc2 b6 13. Bg5 h6 14. Bh7+ Kh8
15. Be4 Rb8 16. Bf4 Bb7 17. Bxb7 Rxb7 18. Rad1 Qe7 19. Ne5 Nh5 20. Bc1 Bd6 21.
Qe2 Nf6 22. b3 Bxe5 23. Qxe5 Rd8 24. Ba3 Qe8 25. Bb2 Rbd7 26. Qe2 Qe7 27. h3
1/2-1/2

[Event "VII Open"]
[Site "Portomannu ITA"]
[Date "2015.06.06"]
[Round "5"]
[White "Karason, Askell O."]
[Black "Grinblat, Artemiy"]
[Result "1/2-1/2"]
[WhiteElo "2324"]
[BlackElo "2191"]
[PlyCount "38"]
[EventDate "2015.06.06"]

1. d4 e6 2. c4 Nf6 3. Nc3 Bb4 4. Nf3 c5 5. g3 cxd4 6. Nxd4 Nc6 7. Bg2 O-O 8.
O-O d5 9. cxd5 Nxd5 10. Nxd5 exd5 11. Nxc6 bxc6 12. Qa4 Qb6 13. Be3 Qb7 14. a3
Bd6 15. b4 Bd7 16. Qc2 Rfe8 17. Qd2 a5 18. Rab1 axb4 19. axb4 Qb5 1/2-1/2

[Event "VII Open"]
[Site "Portomannu ITA"]
[Date "2015.06.06"]
[Round "5"]
[White "Kharitonov, Sergei"]
[Black "Rabus, Berthold"]
[Result "0-1"]
[WhiteElo "2107"]
[BlackElo "2192"]
[PlyCount "66"]
[EventDate "2015.06.06"]

1. e4 c5 2. Nf3 d6 3. d4 cxd4 4. Nxd4 Nf6 5. Nc3 a6 6. Be3 e6 7. f4 Qc7 8. Qf3
Be7 9. g4 Nc6 10. O-O-O Nxd4 11. Bxd4 e5 12. fxe5 dxe5 13. Qg3 Bd6 14. Be3 Bxg4
15. Bb5+ Kf8 16. Rhg1 h5 17. Ba4 Rh7 18. Rd3 b5 19. Bxb5 axb5 20. Nxb5 Qb8 21.
Nxd6 Rxa2 22. b3 Qc7 23. Nc4 Be2 24. Kd2 Nxe4+ 25. Kxe2 Nxg3+ 26. Rxg3 Rxc2+
27. Kd1 Rxc4 28. bxc4 Qxc4 29. Bc1 f6 30. Ba3+ Kf7 31. Rd7+ Ke6 32. Rd6+ Kf5
33. Rf3+ Ke4 0-1

[Event "VII Open"]
[Site "Portomannu ITA"]
[Date "2015.06.06"]
[Round "5"]
[White "Landa, Konstantin"]
[Black "Gustafsson, Jan"]
[Result "1/2-1/2"]
[WhiteElo "2627"]
[BlackElo "2640"]
[PlyCount "32"]
[EventDate "2015.06.06"]

1. d4 Nf6 2. c4 e6 3. Nc3 d5 4. cxd5 exd5 5. Bg5 c6 6. Qc2 Be7 7. e3 Bg4 8. Bd3
Bh5 9. Nge2 Bg6 10. Ng3 Na6 11. Bf5 Nc7 12. h4 Ne6 13. Bxf6 Bxf6 14. h5 Bxf5
15. Qxf5 Qe7 16. O-O O-O 1/2-1/2

[Event "VII Open"]
[Site "Portomannu ITA"]
[Date "2015.06.06"]
[Round "5"]
[White "Olafsson, Fridrik"]
[Black "De Jong-Muhren, Bianca"]
[Result "1/2-1/2"]
[WhiteElo "2397"]
[BlackElo "2365"]
[PlyCount "33"]
[EventDate "2015.06.06"]

1. c4 e5 2. Nc3 Nf6 3. Nf3 Nc6 4. a3 d6 5. d4 e4 6. Ng5 Qe7 7. h4 h6 8. Nh3 g6
9. e3 Bg7 10. Be2 h5 11. b4 O-O 12. Nf4 Nb8 13. Bb2 c6 14. Qd2 Re8 15. b5 Bf5
16. a4 Nbd7 17. Ba3 1/2-1/2

[Event "VII Open"]
[Site "Portomannu ITA"]
[Date "2015.06.06"]
[Round "5"]
[White "Petursson, Margeir"]
[Black "Loew, Gerald"]
[Result "1-0"]
[WhiteElo "2529"]
[BlackElo "2238"]
[PlyCount "51"]
[EventDate "2015.06.06"]

1. c4 c5 2. Nf3 g6 3. g3 Bg7 4. Bg2 Nc6 5. O-O e5 6. Nc3 Nge7 7. a3 O-O 8. b4
cxb4 9. axb4 Nxb4 10. Ba3 Nbc6 11. e3 Re8 12. Nb5 Nf5 13. g4 e4 14. gxf5 exf3
15. Qxf3 Bxa1 16. Rxa1 d5 17. Nd6 Qf6 18. d4 Bxf5 19. cxd5 Nxd4 20. exd4 Qxd4
21. Rd1 Qa4 22. Nxf5 gxf5 23. Bh3 Qc2 24. Bb4 h6 25. Bxf5 Qe2 26. Qg3+ 1-0

[Event "VII Open"]
[Site "Portomannu ITA"]
[Date "2015.06.06"]
[Round "5"]
[White "Rombaldoni, Axel"]
[Black "Hjartarson, Johann"]
[Result "1-0"]
[WhiteElo "2502"]
[BlackElo "2535"]
[PlyCount "67"]
[EventDate "2015.06.06"]

1. d4 Nf6 2. c4 e6 3. Nf3 Bb4+ 4. Nbd2 b6 5. a3 Bxd2+ 6. Bxd2 Bb7 7. Bg5 d6 8.
e3 Nbd7 9. Bd3 h6 10. Bh4 Qe7 11. O-O g5 12. Bg3 Ne4 13. Nd2 f5 14. Nxe4 fxe4
15. Be2 O-O 16. b4 Nf6 17. Rc1 Rf7 18. c5 Bd5 19. cxd6 cxd6 20. Bb5 h5 21. Bc6
h4 22. Bxa8 Bxa8 23. Rc8+ Rf8 24. Rxf8+ Qxf8 25. Be5 dxe5 26. dxe5 Nd5 27. Qh5
Qe7 28. Qg6+ Kf8 29. Qxe4 Bb7 30. Qg6 b5 31. h3 a6 32. Rd1 Bc6 33. Rd4 Be8 34.
Qh6+ 1-0

[Event "VII Open"]
[Site "Portomannu ITA"]
[Date "2015.06.06"]
[Round "5"]
[White "Spence, David J."]
[Black "Molina, Fabrizio"]
[Result "1-0"]
[WhiteElo "2246"]
[BlackElo "2205"]
[PlyCount "80"]
[EventDate "2015.06.06"]

1. e4 d6 2. d4 Nf6 3. Nc3 e5 4. Nf3 Nbd7 5. Bc4 Be7 6. O-O O-O 7. h3 c6 8. a4
b6 9. Re1 a6 10. b3 Rb8 11. Bb2 b5 12. axb5 axb5 13. Bd3 Re8 14. Ne2 Bf8 15.
Ng3 g6 16. Qd2 Bg7 17. Rad1 exd4 18. Nxd4 Ne5 19. Bf1 h5 20. f4 Qb6 21. fxe5
dxe5 22. Qf2 exd4 23. Bxd4 c5 24. Bxc5 Qc6 25. Bd6 Ra8 26. e5 Nh7 27. Bd3 Ra2
28. Be4 Qc3 29. Re3 Qb2 30. Bd5 Be6 31. Bxe6 Rxe6 32. Rf1 f6 33. Re2 Ra1 34.
Qc5 Re8 35. Qd5+ Kh8 36. e6 h4 37. Ne4 f5 38. Nf2 Nf6 39. Qxb5 Rea8 40. Ree1
Ne8 1-0

[Event "VII Open"]
[Site "Portomannu ITA"]
[Date "2015.06.06"]
[Round "5"]
[White "Tischbierek, Raj"]
[Black "Paleologu, Vladimir"]
[Result "1-0"]
[WhiteElo "2442"]
[BlackElo "2107"]
[PlyCount "53"]
[EventDate "2015.06.06"]

1. Nf3 d6 2. e4 Nf6 3. Nc3 e5 4. d4 Nbd7 5. Bc4 Be7 6. O-O c6 7. a4 Qc7 8. Re1
h6 9. b3 g5 10. Bb2 O-O 11. Bd3 exd4 12. Nxd4 Ne5 13. Nce2 c5 14. Nb5 Qd8 15.
c4 a6 16. Nbc3 b6 17. Ng3 Re8 18. Qd2 Be6 19. Rad1 Ng6 20. Bb1 Qc7 21. Nd5 Bxd5
22. exd5 Ng4 23. Bxg6 fxg6 24. h3 Nf6 25. Re6 Kf7 26. Qc3 Qd8 27. Rde1 1-0

[Event "VII Open"]
[Site "Portomannu ITA"]
[Date "2015.06.06"]
[Round "6"]
[White "Beshukov, Sergei"]
[Black "Spence, David J."]
[Result "1-0"]
[WhiteElo "2385"]
[BlackElo "2246"]
[PlyCount "119"]
[EventDate "2015.06.06"]

1. c4 c5 2. Nf3 Nc6 3. d4 cxd4 4. Nxd4 Qb6 5. Nb3 e6 6. a3 Nf6 7. Nc3 Be7 8. e4
O-O 9. Be3 Qc7 10. f4 d6 11. Rc1 Bd7 12. Bd3 Rfd8 13. O-O Rac8 14. Qf3 Be8 15.
Kh1 Qb8 16. Qh3 Nd7 17. Nd2 Nf8 18. b4 Bf6 19. Nf3 Bxc3 20. Rxc3 d5 21. cxd5
exd5 22. e5 Bd7 23. Qh4 d4 24. Nxd4 Nxd4 25. Bxd4 Rxc3 26. Bxc3 Qc7 27. Ba1 Bc6
28. Qh3 Ng6 29. e6 fxe6 30. Qxe6+ Qf7 31. Qxf7+ Kxf7 32. Bc4+ Kf8 33. b5 Be4
34. Bc3 Bd5 35. Bxd5 Rxd5 36. a4 Kf7 37. g3 Ne7 38. Re1 Nc8 39. Re4 Nd6 40. Re1
Nc4 41. Bb4 Rd7 42. Rc1 Nb6 43. a5 Nd5 44. Be1 Nc7 45. b6 axb6 46. axb6 Na8 47.
Bf2 Rd6 48. Rb1 Ke6 49. Kg2 h5 50. Kf3 g6 51. Be3 Rc6 52. h3 Rd6 53. Ke4 Rc6
54. Rb5 Rc4+ 55. Bd4 Ra4 56. h4 Ra6 57. f5+ Kf7 58. fxg6+ Kxg6 59. Rg5+ Kh6 60.
Be3 1-0

[Event "VII Open"]
[Site "Portomannu ITA"]
[Date "2015.06.06"]
[Round "6"]
[White "Brunello, Sabino"]
[Black "Rombaldoni, Axel"]
[Result "1-0"]
[WhiteElo "2526"]
[BlackElo "2502"]
[PlyCount "105"]
[EventDate "2015.06.06"]

1. d4 e6 2. c4 Nf6 3. Nf3 Bb4+ 4. Bd2 Qe7 5. g3 Bxd2+ 6. Qxd2 Nc6 7. Nc3 d5 8.
cxd5 exd5 9. Bg2 O-O 10. O-O Bg4 11. Qf4 Rfe8 12. h3 Bh5 13. g4 Bg6 14. Ne5 Qb4
15. Nxg6 hxg6 16. e3 Qa5 17. g5 Nh5 18. Qf3 Ne7 19. Nxd5 c6 20. Nxe7+ Rxe7 21.
Qg4 Rd8 22. Rfc1 Rf8 23. Rc5 Qd2 24. b3 f5 25. Qd1 Qxd1+ 26. Rxd1 f4 27. Re5
Rxe5 28. dxe5 fxe3 29. fxe3 Re8 30. Rd7 Rxe5 31. Rxb7 a5 32. Kf2 Rxg5 33. Bxc6
Rf5+ 34. Ke2 Rc5 35. Be8 Kh7 36. a4 Re5 37. Bd7 Nf4+ 38. Kf3 Nd5 39. e4 Nf6 40.
Bc6 Rc5 41. Rb6 Rc3+ 42. Kf4 Nh5+ 43. Ke5 Rxh3 44. b4 axb4 45. Rxb4 Ra3 46. Kd6
g5 47. e5 Kh6 48. e6 Nf6 49. e7 Re3 50. a5 g4 51. Rxg4 Rd3+ 52. Kc7 Re3 53. Re4
1-0

[Event "VII Open"]
[Site "Portomannu ITA"]
[Date "2015.06.06"]
[Round "6"]
[White "Danieli, Enrico"]
[Black "Karason, Askell O."]
[Result "0-1"]
[WhiteElo "2041"]
[BlackElo "2324"]
[PlyCount "58"]
[EventDate "2015.06.06"]

1. d4 Nf6 2. Nc3 d5 3. e4 dxe4 4. f3 e6 5. fxe4 Bb4 6. Qd3 c5 7. Nf3 Nc6 8.
dxc5 O-O 9. Qxd8 Rxd8 10. Bg5 h6 11. Bxf6 gxf6 12. Bd3 Bxc5 13. O-O-O b6 14.
Ne2 Bb7 15. Ng3 Kf8 16. c3 Rac8 17. Be2 Ke7 18. Rxd8 Rxd8 19. Rd1 Rg8 20. Nd4
Rg5 21. Bf3 Ne5 22. Bh5 Bd6 23. Be2 Bb8 24. Rf1 Ng4 25. Nf3 Nxh2 26. Nxg5 Nxf1
27. Nxf1 hxg5 28. Bd3 Kd6 29. Kd2 Ke5 0-1

[Event "VII Open"]
[Site "Portomannu ITA"]
[Date "2015.06.06"]
[Round "6"]
[White "De Jong, Jan-Willem"]
[Black "Vogt, Lothar H."]
[Result "1/2-1/2"]
[WhiteElo "2449"]
[BlackElo "2408"]
[PlyCount "27"]
[EventDate "2015.06.06"]

1. d4 Nf6 2. c4 g6 3. Nc3 Bg7 4. e4 d6 5. Be2 O-O 6. Nf3 e5 7. Be3 Nbd7 8. d5
Ng4 9. Bd2 a5 10. Ng5 Ngf6 11. h4 h6 12. Nh3 Nc5 13. Qc2 h5 14. f3 1/2-1/2

[Event "VII Open"]
[Site "Portomannu ITA"]
[Date "2015.06.06"]
[Round "6"]
[White "De Jong-Muhren, Bianca"]
[Black "Landa, Konstantin"]
[Result "0-1"]
[WhiteElo "2365"]
[BlackElo "2627"]
[PlyCount "106"]
[EventDate "2015.06.06"]

1. e4 c6 2. d4 d5 3. exd5 cxd5 4. c4 dxc4 5. Bxc4 Qc7 6. Bb3 Bg4 7. f3 Bd7 8.
Nc3 Nf6 9. Nge2 e6 10. Bg5 Be7 11. Rc1 Qa5 12. Qd2 O-O 13. O-O Nc6 14. Rfd1
Rfd8 15. d5 exd5 16. Bxf6 Bxf6 17. Nxd5 Qxd2 18. Nxf6+ gxf6 19. Rxd2 Be6 20.
Rcd1 Bxb3 21. axb3 Rxd2 22. Rxd2 Rd8 23. Rxd8+ Nxd8 24. Kf2 Kf8 25. Ke3 Ke7 26.
Ke4 Nc6 27. Kf5 a5 28. h3 h6 29. h4 Nb4 30. Nf4 Nc2 31. Nd5+ Kd6 32. Nxf6 Ne3+
33. Ke4 Nxg2 34. h5 Ke6 35. Nd5 f5+ 36. Kd4 Ne1 37. f4 Nf3+ 38. Kc5 Nd2 39.
Nc7+ Kd7 40. Nb5 Nxb3+ 41. Kd5 Nc1 42. Ke5 Ne2 43. Kxf5 Kc6 44. Na3 b5 45. Kg4
Nd4 46. Nb1 b4 47. f5 Kd5 48. Kf4 a4 49. Kg4 Nb5 50. Kf4 a3 51. bxa3 bxa3 52.
Nd2 Nd4 53. Nb1 Ne2+ 0-1

[Event "VII Open"]
[Site "Portomannu ITA"]
[Date "2015.06.06"]
[Round "6"]
[White "Diotallevi, Maurizio"]
[Black "Glienke, Manfred"]
[Result "1/2-1/2"]
[WhiteElo "2037"]
[BlackElo "2286"]
[PlyCount "104"]
[EventDate "2015.06.06"]

1. d4 d5 2. Bg5 c6 3. Nf3 Nf6 4. Bxf6 exf6 5. c3 Qb6 6. Qb3 Be6 7. Nbd2 Nd7 8.
e3 Be7 9. Be2 O-O 10. Qxb6 axb6 11. O-O b5 12. a3 Rfe8 13. Bd3 f5 14. Rfe1 g6
15. g3 Nf6 16. Nb3 Ne4 17. Kg2 Ra7 18. Bc2 Rea8 19. Rad1 Kg7 20. Ne5 Nf6 21.
Bd3 Nd7 22. Nxd7 Bxd7 23. Be2 Bd6 24. Bf3 Re8 25. Kf1 Raa8 26. Nc5 Bc8 27. Rd2
Kf8 28. Red1 Ke7 29. Re1 Kd8 30. Rc1 Kc7 31. Be2 Kb6 32. Nb3 g5 33. Rdd1 f4 34.
exf4 Bh3+ 35. Ke1 Bg4 36. Rc2 gxf4 37. Kf1 f3 38. Bd3 Re7 39. Kg1 h5 40. Rcc1
f5 41. Re1 Rae8 42. Rxe7 Rxe7 43. Nd2 f4 44. Nf1 Kc7 45. Nd2 Kd8 46. Bf1 fxg3
47. fxg3 h4 48. Kf2 hxg3+ 49. hxg3 Rf7 50. Re1 Bf8 51. Bd3 Bh6 52. Nf1 Bh3
1/2-1/2

[Event "VII Open"]
[Site "Portomannu ITA"]
[Date "2015.06.06"]
[Round "6"]
[White "Esposito, Luca"]
[Black "Theon, Pierre"]
[Result "1-0"]
[WhiteElo "2220"]
[BlackElo "2149"]
[PlyCount "35"]
[EventDate "2015.06.06"]

1. d4 Nf6 2. c4 e6 3. Nc3 Bb4 4. Qc2 O-O 5. Nf3 c5 6. dxc5 Bxc5 7. Bf4 Nc6 8.
Rd1 Qe7 9. a3 h6 10. b4 e5 11. Bc1 e4 12. bxc5 exf3 13. Nd5 Nxd5 14. Rxd5 b6
15. gxf3 Bb7 16. Rg1 Ne5 17. Rxe5 Qxe5 18. Bb2 1-0

[Event "VII Open"]
[Site "Portomannu ITA"]
[Date "2015.06.06"]
[Round "6"]
[White "Friedrich, Gerhard"]
[Black "Byron, Alan M."]
[Result "0-1"]
[WhiteElo "1950"]
[BlackElo "2196"]
[PlyCount "88"]
[EventDate "2015.06.06"]

1. d4 Nf6 2. c4 g6 3. Nc3 Bg7 4. Nf3 O-O 5. g3 d6 6. Bg2 Nbd7 7. O-O e5 8. Qc2
c6 9. b3 Re8 10. dxe5 dxe5 11. Ng5 Nc5 12. Rd1 Qc7 13. Ba3 Bf8 14. Bb2 Bf5 15.
e4 Bg4 16. Nf3 Bxf3 17. Bxf3 Rad8 18. Rxd8 Rxd8 19. Rd1 Ne6 20. Ne2 Ng5 21. Rd3
Rxd3 22. Qxd3 Qd6 23. Qc3 Nd7 24. Bg2 Qd1+ 25. Bf1 Nxe4 26. Qc1 Qxc1 27. Bxc1
Bc5 28. Be3 Bxe3 29. fxe3 f5 30. Bg2 Ndf6 31. Bf3 Kf7 32. Kf1 Nd2+ 33. Kf2 Ke6
34. h3 Kd6 35. Bg2 a5 36. Ke1 Nde4 37. Kd1 Kc5 38. Kc2 a4 39. Kb2 axb3 40. axb3
b5 41. cxb5 cxb5 42. Kc2 Nd5 43. Bxe4 fxe4 44. Kd2 Kb4 0-1

[Event "VII Open"]
[Site "Portomannu ITA"]
[Date "2015.06.06"]
[Round "6"]
[White "Gustafsson, Jan"]
[Black "Codenotti, Marco"]
[Result "0-1"]
[WhiteElo "2640"]
[BlackElo "2397"]
[PlyCount "106"]
[EventDate "2015.06.06"]

1. Nf3 g6 2. e4 c5 3. d4 cxd4 4. Qxd4 Nf6 5. Nc3 Nc6 6. Qa4 d6 7. e5 dxe5 8.
Nxe5 Qd4 9. Nxc6 Qxa4 10. Nxa4 bxc6 11. Be3 e5 12. Bc4 Bf5 13. Bb3 Nd5 14. Bc5
Bxc5 15. Nxc5 O-O-O 16. O-O-O f6 17. g3 Bg4 18. Rd3 Nc7 19. Re1 Rxd3 20. Nxd3
Rd8 21. f4 exf4 22. Nxf4 Re8 23. Rxe8+ Nxe8 24. Kd2 Kd7 25. h3 Bf5 26. g4 Be4
27. Ke3 Bh1 28. Bg8 g5 29. Nh5 h6 30. Bc4 Bg2 31. Bd3 Ke7 32. Kf2 Bd5 33. c4
Be6 34. Ke3 c5 35. Ng3 Nd6 36. b3 Bd7 37. a3 a5 38. a4 Ke6 39. Bf5+ Nxf5+ 40.
Nxf5 Ke5 41. Ne7 f5 42. gxf5 Bxf5 43. Nc6+ Kd6 44. Nxa5 Bc8 45. h4 gxh4 46. Kf4
h3 47. Kg3 Kc7 48. Kh2 Be6 49. Kg3 Kb6 50. b4 cxb4 51. Nb3 Bxc4 52. a5+ Ka7 53.
Nc5 b3 0-1

[Event "VII Open"]
[Site "Portomannu ITA"]
[Date "2015.06.06"]
[Round "6"]
[White "Hjartarson, Johann"]
[Black "Petursson, Margeir"]
[Result "1/2-1/2"]
[WhiteElo "2535"]
[BlackElo "2529"]
[PlyCount "37"]
[EventDate "2015.06.06"]

1. e4 c5 2. Nf3 Nc6 3. d4 cxd4 4. Nxd4 g6 5. c4 Nf6 6. Nc3 d6 7. Be2 Nxd4 8.
Qxd4 Bg7 9. Be3 O-O 10. Qd2 Be6 11. Rc1 Qa5 12. f3 Rfc8 13. b3 a6 14. Nd5 Qxd2+
15. Kxd2 Nxd5 16. cxd5 Bd7 17. Rxc8+ Rxc8 18. Rc1 Rxc1 19. Kxc1 1/2-1/2

[Event "VII Open"]
[Site "Portomannu ITA"]
[Date "2015.06.06"]
[Round "6"]
[White "Koenig, Dirk"]
[Black "Olafsson, Fridrik"]
[Result "1/2-1/2"]
[WhiteElo "2109"]
[BlackElo "2397"]
[PlyCount "44"]
[EventDate "2015.06.06"]

1. c4 Nf6 2. g3 g6 3. Bg2 d5 4. cxd5 Nxd5 5. Nc3 Nb6 6. d4 Bg7 7. e3 O-O 8.
Nge2 c6 9. O-O e5 10. dxe5 Bxe5 11. e4 Na6 12. Bf4 Bg7 13. Qc1 Nc4 14. Rd1 Qa5
15. b3 Ne5 16. a3 Bg4 17. b4 Qc7 18. h3 Bxe2 19. Nxe2 Rad8 20. Ra2 Qe7 21. Rad2
Nc7 22. Bg5 f6 1/2-1/2

[Event "VII Open"]
[Site "Portomannu ITA"]
[Date "2015.06.06"]
[Round "6"]
[White "Kyrkjebo, Erlend"]
[Black "Haast, Anne"]
[Result "0-1"]
[WhiteElo "2081"]
[BlackElo "2373"]
[PlyCount "34"]
[EventDate "2015.06.06"]

1. e4 c5 2. Nf3 e6 3. b3 b6 4. Bb2 Bb7 5. Nc3 Nc6 6. Bb5 Nd4 7. Bd3 Nf6 8. Nxd4
cxd4 9. Ne2 Nxe4 10. f3 Nc5 11. Nxd4 Nxd3+ 12. cxd3 Bc5 13. Nb5 Qh4+ 14. g3 Qh5
15. Rf1 Qxh2 16. d4 Qxg3+ 17. Rf2 Be7 0-1

[Event "VII Open"]
[Site "Portomannu ITA"]
[Date "2015.06.06"]
[Round "6"]
[White "Ryzhkov, Vjacheslav"]
[Black "Tischbierek, Raj"]
[Result "0-1"]
[WhiteElo "2151"]
[BlackElo "2442"]
[PlyCount "46"]
[EventDate "2015.06.06"]

1. e4 g6 2. d4 d6 3. Nc3 Bg7 4. f4 a6 5. Nf3 b5 6. Bd3 Nd7 7. O-O c5 8. Be3
cxd4 9. Nxd4 Ngf6 10. e5 dxe5 11. Nc6 Qc7 12. Nxe5 O-O 13. Nxd7 Bxd7 14. f5 b4
15. Ne4 Nd5 16. Bg5 Bxf5 17. g4 Be6 18. Qf3 Rae8 19. Kh1 Bc8 20. Rad1 Bb7 21.
Qh3 Nf6 22. Rde1 Qc8 23. Rxf6 exf6 0-1

[Event "VII Open"]
[Site "Portomannu ITA"]
[Date "2015.06.06"]
[Round "6"]
[White "Svensson, Lars-Ake"]
[Black "Sonis, Francesco"]
[Result "0-1"]
[WhiteElo "1983"]
[BlackElo "2241"]
[PlyCount "84"]
[EventDate "2015.06.06"]

1. e4 e6 2. d3 d5 3. Nd2 c5 4. Ngf3 Nc6 5. g3 g6 6. Bg2 Bg7 7. O-O Nge7 8. Re1
b6 9. Nf1 Bb7 10. a3 Qd7 11. Rb1 a5 12. Bd2 h6 13. Bc3 d4 14. Bd2 Qd6 15. Bc1
e5 16. N1d2 Qc7 17. a4 Nc8 18. Nc4 Nd6 19. Nfd2 Ba6 20. b3 b5 21. Nxd6+ Qxd6
22. axb5 Bxb5 23. Nc4 Bxc4 24. bxc4 O-O 25. Bd2 Rfb8 26. Rxb8+ Qxb8 27. Qa1 a4
28. Rb1 Qa7 29. Bf3 a3 30. Bd1 Bf8 31. Kf1 Nb4 32. Rb3 a2 33. Bxb4 cxb4 34. Rb2
Qa3 35. Rb3 Qa7 36. Rb2 h5 37. Ke2 Bh6 38. Rb3 Qa5 39. Ke1 h4 40. g4 Qd8 41.
Rb2 Qg5 42. c3 Qc1 0-1

[Event "VII Open"]
[Site "Portomannu ITA"]
[Date "2015.06.06"]
[Round "7"]
[White "Bergsson, Stefan"]
[Black "Kuipers, Stefan"]
[Result "0-1"]
[WhiteElo "2052"]
[BlackElo "2409"]
[PlyCount "56"]
[EventDate "2015.06.06"]

1. e4 c5 2. Nf3 Nc6 3. Bb5 d6 4. O-O Bd7 5. Re1 Nf6 6. c3 a6 7. Bf1 Bg4 8. d3
e6 9. h3 Bh5 10. a3 Be7 11. b4 d5 12. e5 Nd7 13. d4 cxd4 14. cxd4 Bxf3 15. gxf3
O-O 16. Be3 f5 17. f4 Kh8 18. Nc3 Rg8 19. Kh1 Rc8 20. Na4 Nf8 21. Nc5 Rc7 22.
Rc1 Na7 23. Be2 Nc8 24. a4 Nb6 25. b5 axb5 26. axb5 Nc4 27. Bxc4 dxc4 28. Nxe6
Qd5+ 0-1

[Event "VII Open"]
[Site "Portomannu ITA"]
[Date "2015.06.06"]
[Round "7"]
[White "Bjornsson, Gunnar"]
[Black "De Jong, Jan-Willem"]
[Result "0-1"]
[WhiteElo "2085"]
[BlackElo "2449"]
[PlyCount "78"]
[EventDate "2015.06.06"]

1. e4 e5 2. Nf3 Nc6 3. Bc4 Nf6 4. d4 exd4 5. Ng5 d5 6. exd5 Qe7+ 7. Kf1 Ne5 8.
Qxd4 Nxc4 9. Qxc4 h6 10. Nf3 Qc5 11. Qe2+ Be7 12. c4 b5 13. Nc3 Qxc4 14. Qxc4
bxc4 15. Bf4 Bb7 16. Bxc7 Nxd5 17. Nxd5 Bxd5 18. Re1 Kd7 19. Be5 f6 20. Bc3 Bc5
21. Rd1 Kc6 22. Nd4+ Kb6 23. f3 Bf7 24. Kf2 Rhe8 25. Rhe1 Bg6 26. b3 cxb3 27.
axb3 Kb7 28. b4 Bb6 29. Kg3 Rad8 30. Nb5 Kc6 31. Na3 Rxe1 32. Rxe1 Rd3 33. Nb1
Kd7 34. Re2 Bc7+ 35. Kf2 Bb6+ 36. Kg3 Be3 37. Ra2 Bf5 38. Bd2 Bd4 39. Na3 Be6
0-1

[Event "VII Open"]
[Site "Portomannu ITA"]
[Date "2015.06.06"]
[Round "7"]
[White "Codenotti, Marco"]
[Black "Beshukov, Sergei"]
[Result "1/2-1/2"]
[WhiteElo "2397"]
[BlackElo "2385"]
[PlyCount "55"]
[EventDate "2015.06.06"]

1. e4 c5 2. Nf3 e6 3. d4 cxd4 4. Nxd4 Nc6 5. Nc3 a6 6. Be3 Qc7 7. Qf3 Nf6 8.
O-O-O Be7 9. Be2 O-O 10. Qg3 Qxg3 11. hxg3 d6 12. Nxc6 bxc6 13. g4 e5 14. f3
Rd8 15. Na4 Be6 16. Nb6 Rab8 17. a4 d5 18. exd5 cxd5 19. a5 Bb4 20. Bd2 Bxd2+
21. Rxd2 d4 22. Bxa6 Nd5 23. Bc4 Nxb6 24. Bxe6 fxe6 25. axb6 Rxb6 26. b3 Ra8
27. Rdd1 d3 28. Kb2 1/2-1/2

[Event "VII Open"]
[Site "Portomannu ITA"]
[Date "2015.06.06"]
[Round "7"]
[White "Glienke, Manfred"]
[Black "Baldvinsson, Loftur"]
[Result "1/2-1/2"]
[WhiteElo "2286"]
[BlackElo "1999"]
[PlyCount "80"]
[EventDate "2015.06.06"]

1. e4 e6 2. b3 d5 3. Bb2 Nf6 4. e5 Nfd7 5. Qg4 c5 6. f4 Nc6 7. Nf3 Nb6 8. Nc3
a6 9. Be2 Bd7 10. O-O Qe7 11. a4 O-O-O 12. a5 Na8 13. Qg3 Nc7 14. Na4 Kb8 15.
Ba3 Nb4 16. Rfc1 Bxa4 17. bxa4 Qd7 18. Bxb4 cxb4 19. d4 h6 20. Rcb1 Qc6 21. Bd3
g6 22. Rb3 Ka7 23. Qe1 Ne8 24. Qd2 Rc8 25. g4 Be7 26. Kg2 Qc7 27. Rab1 Qxa5 28.
c3 Qxa4 29. cxb4 Qc6 30. b5 axb5 31. Bxb5 Qc2 32. Bxe8 Qxd2+ 33. Nxd2 Rhxe8 34.
Rxb7+ Ka8 35. Nf3 Rb8 36. R7b2 Rxb2+ 37. Rxb2 Rc8 38. f5 gxf5 39. gxf5 Ka7 40.
Ra2+ Kb7 1/2-1/2

[Event "VII Open"]
[Site "Portomannu ITA"]
[Date "2015.06.06"]
[Round "7"]
[White "Gustafsson, Jan"]
[Black "Koenig, Dirk"]
[Result "1-0"]
[WhiteElo "2640"]
[BlackElo "2109"]
[PlyCount "25"]
[EventDate "2015.06.06"]

1. c4 c5 2. Nf3 b6 3. d4 cxd4 4. Nxd4 Bb7 5. Nc3 g6 6. e4 Bg7 7. Be3 e6 8. Ndb5
d5 9. c5 bxc5 10. Bxc5 Qd7 11. Nd6+ Kd8 12. exd5 Ba6 13. Nxf7+ 1-0